| 000 | nam a22 7a 4500 | ||
|---|---|---|---|
| 999 |
_c232719 _d232719 |
||
| 003 | Nust | ||
| 005 | 20170223094349.0 | ||
| 008 | 170223b xxu||||| |||| 00| 0 eng d | ||
| 040 | _cDLC | ||
| 082 |
_a297.1225 RAU _bNIT-7232 |
||
| 245 |
_aThe Simple Quran Easy, Accurate, Enlightening, Enjoyable English Translation of The Holy Quran / _cDr. Abdur Rauf |
||
| 260 |
_aLahore : _bFerozsons, _c2005 |
||
| 300 |
_a552p. : _c25 cm |
||
| 942 |
_2ddc _cBK |
||